DC Superhero Nicknames - Statistics

General Stats
  • This quiz has been taken 458 times
  • The average score is 18 of 32
Answer Stats
Hint Answer % Correct
Guardian of Gotham Batman
95%
Dark Knight Batman
86%
Boy of Steel Superboy
83%
Fastest Man Alive The Flash
83%
Caped Crusader Batman
79%
Emerald Archer Green Arrow
79%
Man of Steel Superman
79%
King of the Seven Seas Aquaman
77%
Boy Wonder Robin/Nightwing
77%
Scarlet Speedster The Flash
77%
Woman of Steel Supergirl
73%
World's Greatest Detective Batman
70%
Princess Wonder Woman
67%
Sultan of Speed The Flash
66%
Martian Marvel Martian Manhunter
62%
Emerald Crusader Green Lantern
61%
Big Blue Superman
59%
World's Smallest Superhero The Atom
59%
Boy Scout Superman
55%
Man of Tomorrow Superman
54%
Marine Marvel Aquaman
50%
Emerald Gladiator Green Lantern
48%
Winged Wonder Hawkman
47%
Tiny Titan The Atom
40%
The Clone Superboy
38%
Stretchable Sleuth Elongated Man
36%
America's Guardian Angel Wonder Woman
32%
Big Red Cheese Captain Marvel
29%
Greatest Superhero You've Never Heard Of Booster Gold
23%
Flying Fury Hawkman
20%
Ductile Detective Elongated Man
15%
Dominoed Dare-Doll Batgirl
13%
No matching quizzes found
Score Distribution
Percent of People with Each Score
Percentile by Number Answered
Your Score History
You have not taken this quiz